Nurses' handbook of Health Assessment (Record no. 3654)

MARC details
000 -LEADER
fixed length control field 00599nam a22002177a 4500
003 - CONTROL NUMBER IDENTIFIER
control field OSt
005 - DATE AND TIME OF LATEST TRANSACTION
control field 20160420142227.0
008 - FIXED-LENGTH DATA ELEMENTS--GENERAL INFORMATION
fixed length control field 160420b xxu||||| |||| 00| 0 eng d
020 ## - INTERNATIONAL STANDARD BOOK NUMBER
International Standard Book Number 9780781795760
040 ## - CATALOGING SOURCE
Transcribing agency DNLM
082 ## - DEWEY DECIMAL CLASSIFICATION NUMBER
Classification number WY100 W975n 2010
100 ## - MAIN ENTRY--PERSONAL NAME
Personal name Weber, Janet R.
9 (RLIN) 8132
245 ## - TITLE STATEMENT
Title Nurses' handbook of Health Assessment
250 ## - EDITION STATEMENT
Edition statement 7th ed.
260 ## - PUBLICATION, DISTRIBUTION, ETC. (IMPRINT)
Place of publication, distribution, etc. Philadelphia; Wolters Kluwer, 2010
300 ## - PHYSICAL DESCRIPTION
Extent ix,752p; col.ill: 19cm
504 ## - BIBLIOGRAPHY, ETC. NOTE
Bibliography, etc Appendix, references, & index included
650 ## - SUBJECT ADDED ENTRY--TOPICAL TERM
Topical term or geographic name as entry element Health assessment
9 (RLIN) 8133
650 ## - SUBJECT ADDED ENTRY--TOPICAL TERM
Topical term or geographic name as entry element Nursing guide
9 (RLIN) 8134
942 ## - ADDED ENTRY ELEMENTS (KOHA)
Source of classification or shelving scheme Other/Generic Classification Scheme
Koha item type Open Shelf
Holdings
Withdrawn status Lost status Source of classification or shelving scheme Damaged status Not for loan Home library Current library Date acquired Source of acquisition Inventory number Total Checkouts Full call number Barcode Date last seen Koha item type Price effective from
    Other/Generic Classification Scheme     MUST Main Library MUST Main Library 20/04/2016   14/38358   WY100 W975n 2010 2016-1083 20/04/2016 Open Shelf  
    Dewey Decimal Classification     MUST Main Library MUST Main Library 13/01/2022 Purchase 14/383557   WY100 W975n 2010 2022-0017 13/01/2022 Book 13/01/2022